zpět

Detail výsledku týmu

Koupák, Neratovice

Datum a čas kvízu

25.5 Celkem bodů Celkový počet nahraných bodů na tomto kvízu bez doplňovacích otázek.
4. Pořadí na kvízu Konečné umístění týmu na tomto kvízu.

Zaznamenané odpovědi

# Otázka Odpověď Body Výsledky
1. V pondělí byly vyhlášeny výsle... motýle 0
2. Slovenská prezidentka Zuzana Č... Milada Horáková 1
3. Nejvíce nominací na Ceny filmo... Staříci, Vlastníci 0.5
4. Česká obchodní inspekce řeší p... geoblocking 0
5. Na Nový rok se tradičně konalo... Dallas, Nashville 0
6. 1. ledna došlo k růstu minimál... 14 600 Kč (uznáváme 14 100–15 100) 1
7. V jednom z francouzských zámoř... Nová Kaledonie 0
8. Nový čínský rok začíná 25. led... kryse 1
9. Nejbezpečnějšími aerolinkami p... Qantas 1
10. Mezi 12. červnem a 12. červenc... Anglie, Chorvatsko 0